| 000 | 00695nam a22002175i 4500 | ||
|---|---|---|---|
| 001 | 175741 | ||
| 003 | ES-MaACL | ||
| 005 | 20240425063226.0 | ||
| 008 | 101119s1965 sp f |||| | spa d | ||
| 080 | _a821.134.2-14"19" | ||
| 100 | 0 |
_aPinto Grote, Carlos. _992232 |
|
| 245 | 1 | 0 |
_aComo un grano de trigo _b: (poema) / _cCarlos Pinto Grote. |
| 250 | _a1ª ed. | ||
| 260 |
_aBarcelona : _bEl bardo, _c1965. |
||
| 300 |
_a26 p. , [6] h. de lám. bl. y n. ; _c20 cm. |
||
| 490 | 1 |
_aEl Bardo, colección de poesía ; _v9 |
|
| 830 | 0 |
_aEl Bardo (Batlló, José) ; _v9 _9235922 |
|
| 852 |
_aES-MaACL _jE-13581 _dOlim: P-361-Ter _9182479 |
||
| 942 | _2udc | ||
| 999 |
_c175741 _d175741 |
||